| 000 | 00721nam a22001337a 4500 | ||
|---|---|---|---|
| 040 | _cRUA | ||
| 082 | _aAGR TEP 2005 B032 Or.1 | ||
| 100 | _aTEP, VEASNA. | ||
| 245 | _aGrowing tomato in pot by using three organic fertilizer in net house of royal university of agriculture, (ការដាំដំណាំប៉េងប៉ោះក្នុងផើងដែលប្រើជីសរីរាង្គបីប្រភេទក្នុងផ្ទះសំណាញ់នៅស្ថានីយ៏ពិសោធន៏នៃសាកលវិទ្យាល័យភូមិន្ទកសិកម្ម) | ||
| 260 |
_aPhnom Penh _bRUA _c2005 |
||
| 300 |
_axi, 53p. _bill. _c29cm. |
||
| 856 | _uEN NET | ||
| 942 | _cAGR | ||
| 999 |
_c722 _d722 |
||